• 首页
  • 本馆介绍
  • 公告通知
  • 最新文献
  • 馆藏检索
  • 电子资源
  • 读者导购
  • 参考咨询
  • 我的图书馆
  • 登录
  • 详细信息显示
  • 放入我的书架
  • 预约/预借图书
  • 作者相关作品
  • 分类相关作品
  • 丛书相关作品
  • 出版社相关作品

书目信息

  • 表格格式
  • 工作单格式
  • 卡片格式
题名:
点击健康
    
 
作者: 杨小庆 主编
分册:  
出版信息: 北京   农村读物出版社  2002.03
页数: 344页
开本: 21cm
丛书名:
单 册:
中图分类: R442.8
科图分类:
主题词: 综合征--诊疗 , CT--S099522--综合征
电子资源:
ISBN: 7-5048-3666-4
000 00921nam0 2200277 45
001 012002032304
005 20060913095503.82
010    @a7-5048-3666-4@dCNY16.50
035    @a(011001)c2002027000
092    @aCN@b470498
100    @a20020412d2002 em y0chiy0110 ea
101 0  @achi
102    @aCN@b110000
105    @ay z 000yy
200 1  @a点击健康@Adian ji jian kang@e综合征诊治与预防@f杨小庆等主编@Fyang xiao qing deng zhu bian
210    @a北京@c农村读物出版社@d2002.03
215    @a344页@d21cm
330    @a本书分别从日常生活、特定群体、两性生活、饮食不当、环境因素、用药不当及其他因素等方面阐述不良生活所致的综合征。
517 1  @a综合征诊治与预防@Azong he zheng zhen zhi yu yu fang
606 0  @a综合征@x诊疗
606 0  @2CT@3S099522@a综合征
690    @aR442.8@v4
701  0 @a杨小庆@Ayang xiao qing@4主编
801  0 @aCN@bNLC@c20060913
905    @aBZT@dR442.8@e1
906    @dCNY16.50@n0@r1
    
    点击健康:综合征诊治与预防/杨小庆等主编.-北京:农村读物出版社,2002.03
    344页;21cm
    
    
    ISBN 7-5048-3666-4:CNY16.50
    本书分别从日常生活、特定群体、两性生活、饮食不当、环境因素、用药不当及其他因素等方面阐述不良生活所致的综合征。
●
相关链接 在五车中查询图书 在当当中查询图书 在豆瓣中查询图书


正题名:点击健康     索取号:R442.8/1         预约/预借

序号 登录号 条形码 馆藏地/架位号 状态 备注
1 456854   230013243   中心书库中库/ 中库007架B面4列5层37/ [索取号:R442.8/1] 在馆    
2 456855   230013244   中心书库中库/ 中库007架B面4列5层39/ [索取号:R442.8/1] 在馆    
3 456856   230013245   中心书库中库/ 中库007架B面4列5层38/ [索取号:R442.8/1] 在馆    
4 456857   230013246   中心书库中库/ 中库007架B面4列5层41/ [索取号:R442.8/1] 在馆    
5 456858   230013247   中心书库中库/ 中库007架B面4列5层40/ [索取号:R442.8/1] 在馆    
山东省滨州职业学院图书馆 欢迎您!
大连网信软件有限公司© 版权所有